Teleny

Đã lưu trong:
Chi tiết về thư mục
Tác giả chính: Wilde, Oscar
Định dạng: Sách
Ngôn ngữ:Tiếng Anh
Các nhãn: Thêm thẻ
Không có thẻ, Là người đầu tiên thẻ bản ghi này!

MARC

LEADER 00000nam a2200000 4500
001 CDOM0000003715
003 mi
005 20250829144535.0
008 250715b |||||||| |||| 00| 0 eng d
040 |c ct 
100 |a Wilde, Oscar 
245 1 |a Teleny  
942 |2 ddc  |c BK 
952 |0 0  |1 0  |2 ddc  |4 0  |7 0  |9 6935  |a MI  |b MI  |d 2009-08-19  |i 5423  |l 0  |p CDOM5423  |r 2025-07-13 16:28:00  |w 2025-07-13  |x DONO  |y BK 
999 |c 5660  |d 5660